Statistics for Lande uden slanger

Click here to take the quiz!

General Stats

  • This quiz has been taken 30 times
  • The average score is 2 of 9

Answer Stats

Lande% Correct
Island
84%
New Zealand
40%
Irland
36%
Tuvalu
20%
Kap Verde
8%
Kiribati
8%
Nauru
8%
Marshalløerne
4%
Vatikanstaten
4%

Score Distribution

Percentile by Number Answered

Percent of People with Each Score

Your Score History

You have not taken this quiz